Commercial arithmetic (Record no. 11934)
[ view plain ]
| 000 -LEADER | |
|---|---|
| fixed length control field | 005250000a22002170004500 |
| 008 - FIXED-LENGTH DATA ELEMENTS--GENERAL INFORMATION | |
| fixed length control field | 240318b |||||||| |||| 00| 0 eng d |
| 041 ## - LANGUAGE CODE | |
| Language code of text/sound track or separate title | Eng |
| 082 ## - DEWEY DECIMAL CLASSIFICATION NUMBER | |
| Classification number | 511.8 |
| Item number | B168c |
| 100 ## - MAIN ENTRY--PERSONAL NAME | |
| Personal name | Bajracharya, Bhanu Chandra |
| 9 (RLIN) | 22870 |
| 245 ## - TITLE STATEMENT | |
| Title | Commercial arithmetic |
| 250 ## - EDITION STATEMENT | |
| Edition statement | 8th edn |
| 260 ## - PUBLICATION, DISTRIBUTION, ETC. | |
| Place of publication, distribution, etc. | Kathmandu |
| Name of publisher, distributor, etc. | M.K. Publishers and Distributers, Nepal |
| 260 ## - PUBLICATION, DISTRIBUTION, ETC. | |
| Date of publication, distribution, etc. | 2049 |
| 300 ## - PHYSICAL DESCRIPTION | |
| Extent | 206p. |
| 650 ## - SUBJECT ADDED ENTRY--TOPICAL TERM | |
| Topical term or geographic name entry element | Arithmetic |
| 9 (RLIN) | 8058 |
| 650 ## - SUBJECT ADDED ENTRY--TOPICAL TERM | |
| Topical term or geographic name entry element | Trade |
| 650 ## - SUBJECT ADDED ENTRY--TOPICAL TERM | |
| Topical term or geographic name entry element | Ratio |
| 650 ## - SUBJECT ADDED ENTRY--TOPICAL TERM | |
| Topical term or geographic name entry element | Money |
| 651 ## - SUBJECT ADDED ENTRY--GEOGRAPHIC NAME | |
| Geographic name | Nepal |
| 942 ## - ADDED ENTRY ELEMENTS (KOHA) | |
| Koha item type | General Collections |
| Source of classification or shelving scheme | Dewey Decimal Classification |
| Withdrawn status | Lost status | Damaged status | Not for loan | Home library | Current library | Date acquired | Total Checkouts | Barcode | Date last seen | Price effective from |
|---|---|---|---|---|---|---|---|---|---|---|
| Tribhuvan University Central Library | Tribhuvan University Central Library | 06/20/2010 | 104063 | 06/20/2010 | 06/20/2010 |
